| 000 | 00575cam a2200145 4500500 | ||
|---|---|---|---|
| 005 | 20251012021552.0 | ||
| 041 | _afre | ||
| 042 | _adc | ||
| 100 | 1 | 0 |
_aSalin, Dominique _eauthor |
| 245 | 0 | 0 | _aJean-Marie Gueullette (dir.), SAINT FRANÇOIS DE SALES Parole publique et parole privée Parole d’un évêque et d’un maître spirituel Cerf, 2022, 352 p., 24 €. |
| 260 | _c2023. | ||
| 500 | _a99 | ||
| 786 | 0 | _nChristus | º279 | 3 | 2023-07-01 | p. 119-120 | 0009-5834 | |
| 856 | 4 | 1 | _uhttps://shs.cairn.info/revue-christus-2023-3-page-119?lang=fr&redirect-ssocas=7080 |
| 999 |
_c1538792 _d1538792 |
||